Aekyung's dream /
A young Korean immigrant learns to adjust to her new life in America by heeding the words of an ancient Korean king.
| Main Author: | |
|---|---|
| Format: | Book |
| Language: | English Korean |
| Published: |
San Francisco, Calif. :
Children's Book Press :
[1988]
|
| Edition: | Rev. ed. |
| Subjects: |
MARC
| Tag | First Indicator | Second Indicator | Subfields |
|---|---|---|---|
| LEADER | 00000cam a2200000 a 4500 | ||
| 001 | in00001761845 | ||
| 005 | 20151025051823.0 | ||
| 008 | 880526s1988 caua j 000 1 eng | ||
| 010 | |a 88018928 | ||
| 020 | |a 0892390425 : |c $12.95 | ||
| 035 | |a (OCoLC)ocm18106523 | ||
| 040 | |a DLC |c DLC |d OCL |d UtOrBLW | ||
| 041 | 0 | |a eng |a kor | |
| 042 | |a lcac | ||
| 043 | |a n-us--- | ||
| 049 | |a TXAM | ||
| 050 | 0 | 0 | |a PZ50.531 |b .P26 1988 |
| 082 | 0 | 0 | |a [Fic] |2 19 |
| 100 | 1 | |a Paek, Min, |d 1950- | |
| 245 | 1 | 0 | |a Aekyung's dream / |c written and illustrated by Min Paek ; translated into Korean by Min Paek = [Aegyŏngi ŭi kkum / kŭl kwa kŭrim Paek Chong-min ; pŏnyŏk Paek Chong-min]. |
| 246 | 3 | 1 | |a [Aegyŏngi ŭi kkum |
| 250 | |a Rev. ed. | ||
| 264 | 1 | |a San Francisco, Calif. : |b Children's Book Press : |c [1988] | |
| 264 | 2 | |a San Francisco, Calif. : |b Distributed to the book trade by the Talman Co., | |
| 264 | 4 | |c ©1988 | |
| 300 | |a 22 pages : |b color illustrations ; |c 25 cm. | ||
| 336 | |a text |b txt |2 rdacontent | ||
| 337 | |a unmediated |b n |2 rdamedia | ||
| 338 | |a volume |b nc |2 rdacarrier | ||
| 500 | |a English and Korean. | ||
| 500 | |a Parallel title and parallel author statement in Korean characters. | ||
| 520 | |a A young Korean immigrant learns to adjust to her new life in America by heeding the words of an ancient Korean king. | ||
| 650 | 1 | |a Korean Americans |v Fiction. | |
| 650 | 1 | |a Korean language materials |x Bilingual. | |
| 740 | 0 | |a Aegyŏngi ŭi kkum. | |
| 948 | |a cataloged |b cmulkey |c 2003/7/3 |d 11:08:24 am | ||
| 994 | |a E0 |b TXA | ||
| 999 | |a MARS | ||
| 999 | f | f | |s 0d981679-91df-3e56-81a7-1a1cb05e5962 |i 6e1b329c-24fb-3045-aed5-2f2edb6404d0 |t 0 |
| 952 | f | f | |p normal |a Texas A&M University |b College Station |c Sterling C. Evans Library |d Evans: Curriculum Collection (4th floor) |t 0 |e PZ50.531 .P26 1988 |h Library of Congress classification |i unmediated -- volume |m A14830385746 |
| 998 | f | f | |a PZ50.531 .P26 1988 |t 0 |l Evans: Curriculum Collection (4th floor) |